| 000 | 01040nam a2200289 i 4500 | ||
|---|---|---|---|
| 003 | EG-GICUC | ||
| 005 | 20260121101216.0 | ||
| 008 | 251112s1965 ua ||||fr|||| 00| 0 ara d | ||
| 040 |
_a EG-GICUC _bara _c EG-GICUC _d EG-GICUC _erda |
||
| 041 | 0 | _aara | |
| 082 | 0 | 4 |
_221 _a345 _bس ل . م |
| 092 | 0 | 4 | _221 |
| 099 | _aLaw1 07 345 س ل . م 7 ed - 1965 | ||
| 100 | 0 |
_aسليمان محمد الطماوي _eمؤلف. |
|
| 245 | 1 | 0 |
_aمبادئ القانون الإداري : _bدراسة مقارنة / _cالدكتور سليمان محمد الطماوي. |
| 250 | _aالطبعة السابعة | ||
| 264 | 1 |
_aالقاهرة : _bدار الفكر العربي، _c1965. |
|
| 300 |
_a1020 ؛صفحة _c24 سم. |
||
| 336 |
_2rda content _atext |
||
| 337 |
_2rda media _aComputer |
||
| 338 |
_2rda carrier _aOnline Resource |
||
| 546 | _aالنص باللغة العربية | ||
| 650 | 1 | 4 | _aالقانون الإداري |
| 856 | 4 | 0 | _uhttps://fll.law.cu.edu.eg/fulltext/bks/B07-00436.pdf |
| 905 | _a32 | ||
| 942 |
_2ddc _cBK _e21 _n0 |
||
| 999 |
_c42970 _d42970 |
||